000 00740nam a2200193 a 4500
008 080422s1978 ||||||||||||||||| || u
020 _a053400556X
050 _aHF 5635 Lou
100 _aLouderback, Joseph G
245 1 0 _aManagerial accounting. -- 2nd ed.
_cJoseph G. Louderback; Geraldine F. Dominiak
250 _a2nd ed.
260 _aCalifornia
_bWadsworth Publishing Company
_c1978
300 _axvi, 652p.: ill.
350 _a0.00
650 0 _aACCOUNTING--HANDBOOKS, MANUALS, ETC
650 0 _aMANAGERIAL ACCOUNTING
700 _aDominiak, Geraldine F
995 _D0.00
_FCBU-MAIN LIBRARY (Kitwe)
_H1
_I0.00
_M1
_UAVAILABLE
_WApr 22, 2008
_ZMain Library Open Access Collection
999 _c50050
_d50050